000 00472nam a2200181Ia 4500
005 20250326141623.0
008 250326s9999 xx 000 0 und d
037 _aTextbook
040 _aFMSL
_beng
_cFMSL
041 _aeng
_2eng
084 _qFMSL
100 _aAggarwal J C
245 0 _aIndian economy : Crisis and reform
_cAggarwal J C; Chowdhary N K
260 _aDelhi
_bDelhi, Shipra
_c1991
300 _a144p
942 _cTB
999 _c1291180
_d1291180